2D Super Mario games - Statistics

General Stats
  • This quiz has been taken 64 times
  • The average score is 11 of 14
Answer Stats
Release date Answer % Correct
1985 Super Mario Bros.
98%
1986 Super Mario Bros. 2 (JP)
98%
1988 Super Mario Bros. 2 (NA)
98%
1988 Super Mario Bros. 3
91%
1990 Super Mario World
91%
2006 New Super Mario Bros.
89%
2009 New Super Mario Bros. Wii
74%
2012 New Super Mario Bros. U
67%
2019 New Super Mario Bros. U Deluxe
67%
1989 Super Mario Land
67%
2012 New Super Mario Bros. 2
63%
2023 Super Mario Bros. Wonder
63%
1992 Super Mario Land 2
59%
2013 New Super Luigi U
39%
No matching quizzes found
Score Distribution
Percent of People with Each Score
Percentile by Number Answered
Your Score History
You have not taken this quiz